Island Nations - Statistics

General Stats
  • This quiz has been taken 7 times
  • The average score is 29 of 47
Answers on the Map
Answers color-coded by a green-red scale on the quiz's map according to % correct below.
 
Answer Stats
Answer % Correct
Cuba
100%
Australia
86%
Bahamas
86%
Cape Verde
86%
Cyprus
86%
Dominican Republic
86%
Haiti
86%
Iceland
86%
Indonesia
86%
Ireland
86%
Jamaica
86%
Kiribati
86%
Madagascar
86%
Malta
86%
Mauritius
86%
New Zealand
86%
São Tomé and Príncipe
86%
Taiwan
86%
UK
86%
East Timor
71%
Japan
71%
Maldives
71%
Marshall Islands
71%
Papua New Guinea
71%
Philippines
71%
Qatar
71%
Seychelles
71%
Sri Lanka
71%
Comoros
57%
Federated States of Micronesia
57%
Fiji
57%
Palau
57%
Tuvalu
57%
Brunei
43%
Nauru
43%
Solomon Islands
43%
Trinidad
43%
Dominica
29%
Samoa
29%
Tonga
29%
Vanuatu
29%
Antigua
14%
Barbados
14%
St. Kitts
14%
St Lucia
14%
St. Vincent
14%
Grenada
0%
No matching quizzes found
Score Distribution
Percent of People with Each Score
Percentile by Number Answered
Your Score History
You have not taken this quiz